000 00297nam a22001337a 4500
008 170530b xxu||||| |||| 00| 0 eng d
020 _a9780691059778
041 _aeng
080 _a94(100)
100 _a17
101 _aSHH
245 _aTHINKING WITH HISTORY
_cSCHORSKE,C.E
942 _2udc
_cBK
999 _c15067
_d15067